Egy "vágyoncsökkentö" vállalat a magyar elektronikai iparban.

Otázky ekonomickej prosperity podnikov, ich výroba, odbyt, spolupráca s kooperujúcimi podnikmi. Na príklade konkrétneho podniku elektronického zamerania je poukázané na problémy výroby, efektívnosti v r. 1991. Predaj a kúpa podnikov, prevod na nový typ hospodárenia. Krachy podnikov, podmienky pre po...

ver descrição completa

Na minha lista:
Detalhes bibliográficos
Autor principal: Török, Á.
Formato: Capítulo de Livro
Idioma:húngaro
Assuntos:
Tags: Adicionar Tag
Sem tags, seja o primeiro a adicionar uma tag!

MARC

LEADER 00000naa a2200000 4500
001 r009259
005 20221125113631.0
041 0 |a hun 
044 |a HU 
245 1 0 |a Egy "vágyoncsökkentö" vállalat a magyar elektronikai iparban.  |c Á. Török 
520 |a Otázky ekonomickej prosperity podnikov, ich výroba, odbyt, spolupráca s kooperujúcimi podnikmi. Na príklade konkrétneho podniku elektronického zamerania je poukázané na problémy výroby, efektívnosti v r. 1991. Predaj a kúpa podnikov, prevod na nový typ hospodárenia. Krachy podnikov, podmienky pre poskytnutie bankových úverov. 
610 2 0 |a úver bankový 
610 2 0 |a privatizácia 
610 2 0 |a zisk podnikový 
610 2 0 |a elektronika 
610 2 0 |a hospodárstvo trhové 
610 2 0 |a spolupráca podnikov 
610 2 0 |a MR 
610 2 0 |a reformy hospodárske 
610 2 0 |a predaj 
100 1 |a Török, Á.